| 000 | 00525nam a2200193Ia 4500 | ||
|---|---|---|---|
| 003 | OSt | ||
| 005 | 20250211171101.0 | ||
| 008 | 210210b1937 xxu||||| |||| 00| 0 eng d | ||
| 040 | _cAL | ||
| 041 | _ahin | ||
| 082 | _a868/5 | ||
| 100 |
_aCHATURVEDI (Jagpati): _9199231 |
||
| 110 |
_bचतुर्वेदी जगपति _9199232 |
||
| 245 |
_aJagadish chandra bos: _bजगदीश चंद्र बोस |
||
| 260 |
_aPrayag _b- _c1937 |
||
| 690 |
_aBiography _9199233 |
||
| 906 | _a023731 | ||
| 942 |
_2ddc _cBK |
||
| 999 |
_c148697 _d148697 |
||